000 00448nam a2200193Ia 4500
005 20250423095314.0
008 250422s9999 xx 000 0 und d
020 _a0321236521
050 _aJN 94.A58 .E89/
100 _aAlmond, Gabriel A.
245 0 _aEuropean politics today
250 _a3rd ed.
260 _aNew York
260 _bPearson Longman
260 _c2006
300 _a516 p
650 _aPolitical Science
942 _cBK
999 _c29866
_d29866